Érase una vez...el hombre / (Registro nro. 9340)

Detalles MARC
000 -LIDER
fixed length control field 00930nam a22003017a 4500
001 - NÚMERO DE CONTROL
Identificador de número de control 000195
003 - IDENTIFICACDOR DE NÚMERO DE CONTROL
control field DO-SdBNP
005 - DATE AND TIME OF LATEST TRANSACTION
control field 20180301134528.0
007 - CAMPOS FIJOS DE DESCRIPCIÓN FÍSICA
fixed length control field 000195
008 - ELEMENTOS DE LONGITUD FIJA
fixed length control field 151210b 1978 sp a 00| 0 spa d
020 ## - ISBN
International Standard Book Number 847419122X
020 ## - ISBN
International Standard Book Number 8474191327
Qualifying information obra completa
040 ## - FUENTE DE CATALOGACIÓN
Agencia que crea de manera original el registro BPMSU
Idioma de catalogación spa
Agencia que realiza la transcripción BPMSU
092 ## - LOCALLY ASSIGNED DEWEY DECIMAL CALL NUMBER
Número de clasificación xxxx
Número de ítem (Cutter) xxxx
100 1# - ASIENTO PRINCIPAL -- NOMBRE PERSONAL
Nombre personal Barillé, Albert
240 10 - TITULO UNIFORME
Título uniforme II était une fois...I´homme /
245 10 - MENCIÓN DE TITULO
Título Érase una vez...el hombre /
Mención de responsabilidad Albert Barillé ; ilustraciones Jean Barbaud ; traducción Víctor Mora
260 ## - PUBLICACIÓN, DISTRIBUCIÓN, ETC. (PIE DE IMPRENTA)
Lugar de publicación, distribución, etc Barcelona ;
Nombre del editor, distribuidor, etc. Junior,
-- Grupo editorial grijaldo,
Fecha de publicación, distribución, etc 1979.
300 ## - DESCRIPCIÓN FÍSICA
Extensión v. ;
Otros detalles físicos il.
Dimensiones 29 cm.
500 ## - NOTA GENERAL
Nota general La biblioteca posee el volumen 4
505 ## - NOTA DE CONTENIDO
Información miscelánea v. 4 :
Título Pax Romana
-- Las conquistas del Islam
700 12 - ASIENTO SECUNDARIO -- NOMBRE PERSONAL
Nombre personal Barbaud, Jean
Mención de responsabilidad il.
700 12 - ASIENTO SECUNDARIO -- NOMBRE PERSONAL
Nombre personal Mora, Víctor
Mención de responsabilidad trad.
910 ## - VALIDACIÓN
Validación 00144
942 ## - ADDED ENTRY ELEMENTS (KOHA)
Source of classification or shelving scheme Dewey Decimal Classification
Koha item type Libros
945 ## - INFORMACIÓN DE PROCESAMIENTO LOCAL
Información de procesamiento local Inventariado, 2018/MFF
956 ## - LOCAL ELECTRONIC LOCATION AND ACCESS (OCLC)
Nombre de host Yngrid Lockward
Número de acceso 10
Existencias
Withdrawn status Lost status Source of classification or shelving scheme Damaged status Not for loan Collection code Home library Current library Date acquired Source of acquisition Total Checkouts Barcode Date last seen Price effective from Koha item type
    Dewey Decimal Classification     Colección Infantil General Biblioteca Pública Metropolitana Salomé Ureña Biblioteca Pública Metropolitana Salomé Ureña 03/21/2016 Donación   BPMSU16030223 03/21/2016 03/21/2016 Libros